| 000 | 00650nam a2200169 i 4500 | ||
|---|---|---|---|
| 001 | 36959 | ||
| 003 | ES-MaACL | ||
| 005 | 20230906155457.0 | ||
| 007 | t| | ||
| 008 | 030219s1942 sp ||||1| lat d | ||
| 100 | 1 |
_aBover, José María. _931120 |
|
| 245 | 1 | 0 |
_aDeiparae virginis consensus _b: corredemptionis ac meditationis fundamentum / _cauctore Joseph M. Bover. |
| 260 |
_aMadrid : _bConsejo Superior de Investigaciones Científicas, Patronato Raimundo Lulio, Instituto Francisco Suarez, _c1942 ( _fTipografía Comercial) |
||
| 300 |
_a358 p. ; _c26 cm. |
||
| 710 | 2 |
_aInstituto "Francisco Suárez" _95062 |
|
| 852 |
_aES-MaACL _jB-10531 _bR.21760 |
||
| 999 |
_c36959 _d36959 |
||